Summertime Sadness - Lana Del Rey (All Lyrics) - Statistics

General Stats
  • This quiz has been taken 8,727 times
  • The average score is 225 of 278
Answer Stats
Answer % Correct
I
99%
sadness.
99%
Summertime
99%
summertime,
99%
summertime
99%
Summertime,
99%
go.
98%
go,
97%
the
96%
got
95%
Got
95%
Oh
95%
Oh.
95%
that,
95%
that
95%
the
95%
you
95%
Oh.
94%
the
94%
to
94%
you
94%
a
92%
me
92%
my
92%
a
91%
in
90%
on
90%
know
89%
on
89%
baby,
88%
baby
88%
before
88%
just
88%
Kiss
88%
tonight,
88%
tonight.
88%
dress
87%
red
87%
you're
86%
best.
85%
you're
85%
you're
84%
feel
83%
hard
83%
wanted
83%
God,
82%
I'm
78%
it
78%
I'm
77%
like
74%
anymore.
73%
anymore.
72%
dancing
71%
Nothing
71%
scares
70%
air,
69%
air,
68%
feelin'
68%
dark
67%
moonlight.
66%
I'll
65%
I'll
64%
pale
62%
if
60%
if
59%
beauty
58%
queen
58%
alive.
57%
Honey,
57%
above
56%
fire,
56%
happy
56%
style,
56%
everywhere.
55%
fire,
55%
hair
55%
forever,
54%
miss
54%
die
52%
sun
52%
high
51%
stars
51%
electric
50%
heels
50%
feelin'
49%
sky.
49%
Think
49%
real
48%
telephone
48%
up
48%
sizzlin'
46%
big
45%
wires
45%
snare.
44%
are
43%
morning
43%
by
42%
off,
42%
99.
41%
bad
40%
down
40%
heavenly
40%
side.
40%
than
40%
better
38%
goin'
38%
gonna
38%
'bout
36%
Done
36%
gone,
36%
never.
36%
cruisin'
33%
Even
33%
drive.
31%
coast
30%
Later's
24%
No matching quizzes found
Score Distribution
Percent of People with Each Score
Percentile by Number Answered
Your Score History
You have not taken this quiz